00690nam a2200241 a 4500001001300000003000900013005001700022008004100039020001000080082001800090100001700108245001600125260005400141300000800195500003500203505003200238650001300270700001700283902000800300942000700308952011800315999001500433nice12345678IN_TiNIC20260116011743.0050524s1969 hyda grp 000 0 urd  ac10000a297.831bMAH1 aMahmud, Syed aIqbal-E-Haq aHyderabad bMarkazi Anjuman Taleemus Salat c1969 a24p aincludes index and biblioraphy2 athree parts of first volume aMahdavia1 aMahmud, Syed bSRS cBK 001040708StackRoom-aHMIbHMId2007-06-29g100.00l0o297.831 MAH1p06084r2007-06-29v100.00w2005-05-24yBK c3724d3724